000 01319nam a2200325 i 4500
001 000039436
003 DO-SdBNP
005 20260521211740.0
007 ta
008 251006b1980 dr ||||| |||| 00| 0 spa d
040 _aDO-SdBNP
_bspa
_cBNPHU
_erda
041 _aspa
082 _a343.7293056
_bR426an 1980
_222
110 2 _aRepública Dominicana.
_bSecretaría de Estado de Finanzas. Instituto de Capacitación Tributaria (INCAT)
_973226
_eautor
245 1 0 _aAnteproyecto de ley de aduanas y sus reglamentos /
250 _aPrimera edición
264 1 _aSanto Domingo, República Dominicana :
_bInstituto de Capacitación Tributaria (Incat),
_bEditora alfa y Omega,
_c1980
300 _a258 páginas ;
_c22 cm
336 _atexto
_btxt
_2rdacontent
337 _asin mediación
_bn
_2rdamedia
338 _avolumen
_bnc
_2rdacarrier
490 _aColección Fortalecimiento Institucional ;
_v5
500 _aDepartamento de normas y políticas fiscales de la Secretaría de Estado de Finanzas.
590 _aInventariado, 2025/ YL
650 7 _2lemb
_aLegislación aduanera
_zRepública Dominicana
_99337
650 7 _2lemb
_aAduanas
_xLegislación
_zRepública Dominicana
_989698
650 7 _aComercio exterior
_2lemb
_910367
_xLegislación
_zRepública Dominicana
910 _aYLockward
942 _2ddc
_cLBS1
999 _c38926
_d38926